000 01121nam a22003017a 4500
001 BR8101235
003 BR-BrBNA
005 20230928090926.0
007 ta
008 230509b bl.||||| |||| 00| 0 por d
040 _aBR-BrBNA
_bpor
_cBiblioteca Nacional de Agricultura
041 _a(Por)
072 _aP05
_b8961
_b/G514
090 _ 8961 BR8101235
110 1 _aCamara dos Deputados, Brasilia, DF (Brasil). Comissao de Minas e Energia
_91321
111 1 _aSimposio Nacional sobre Fontes Convencionais e Alternativas de Energia
_cBrasilia, DF (Brazil)
_d5 Jun 1979
245 1 _aSimposio nacional sobre fontes convencionais e alternativas de energia [Alcool; Energia nuclear; Carvao; Combustivel; Biomassa; Brasil]
246 1 _a[National symposium on conventional and alternative energy sources [Alcohol; Nuclear energy; Coal; Fuel; Biomass; Brazil]]
260 3 _aBrasilia, DF (Brasil):
_c1980.
300 _a1147 p.
650 _aRecurso energetico
650 _aCombustivel
650 _aBiomassa
650 _aCarvao
650 _aAlcool
909 _a202309
_bLucia
_c55
_dLucia Elande
942 _cBK
999 _c31302
_d31302